| 000 | 01920nam1a22003611 4500 | ||
|---|---|---|---|
| 001 | rc\3995948 | ||
| 005 | 20260507100124.0 | ||
| 035 | _a(NLR Aleph) 008070492 | ||
| 090 |
_a9059733 _c9059733 |
||
| 100 | _a20260510 rusy50 | ||
| 101 | 0 | _arus | |
| 102 | _aRU | ||
| 105 | _az ||||| | ||
| 200 | 1 |
_aВосстание декабристов _eдокументы _f[под ред. и с предисл. проф. М.В. Нечкиной _gГл. архивное упр. Центр. гос. ист. архив СССР в Москве] |
|
| 210 |
_aМосква _cГосполитиздат _d1925-1986 |
||
| 215 | _d27 | ||
| 225 | 2 | _aМатериалы по истории восстания декабристов | |
| 300 | _aНа обороте тит. л. загл.: Материалы по истории восстания декабристов | ||
| 300 | _aТ. 1-6, 8 вышли в 1925-1929 гг. под ред. и с предисл. М.Н. Покровского (в РНБ на шифре 17.132.2.44) | ||
| 300 | _aТ. 19-20: вышли в 2001 г. в изд-ве РОССПЭН | ||
| 517 | 1 | _aМатериалы по истории восстания декабристов | |
| 606 | 1 |
_aДекабристы _jДокументы и материалы _9983991 _3RU\NLR\AUTH\6652480 |
|
| 686 | 0 |
_aТ3(2)472-411,011 _2rubbk |
|
| 702 | 1 |
_4340 _4080 _7ca _8rus _aНечкина _bМ. В. _f1899-1985 _gМилица Васильевна _9113287 _3RU\NLR\AUTH\773282 |
|
| 712 | 0 | 2 |
_4650 _aЦентральный исторический архив СССР _9294008 _3RU\NLR\AUTH\8810695 |
| 712 | 0 | 2 |
_4570 _aИнститут истории СССР _cМосква _9278005 _3RU\NLR\AUTH\883382 |
| 801 | 0 |
_aRU _bNLR _c20130415 _gpsbo |
|
| 801 | 1 |
_aRU _bELAR _c20130415 _2rusmarc |
|
| 801 | 2 |
_aRU _bNLR _c20140124 _2rusmarc |
|
| 852 |
_aNLR _jИр30 Г-7/7 (7, 9-18) |
||
| 942 | _cBOOK | ||
| 980 | _aNB | ||